[Event "Budapest BSSZ op"]
[Site "Budapest"]
[Date "2023.08.26"]
[Round "8"]
[White "Sadbhav, Rautela"]
[Black "Yamada, Kohei"]
[Result "0-1"]
[WhiteElo "1596"]
[BlackElo "2171"]
[PlyCount "68"]
[EventDate "2023.08.21"]
[EventType "swiss"]
[EventRounds "9"]
[EventCountry "HUN"]
[SourceTitle "EXT 2024"]
[Source "ChessBase"]
[SourceDate "2023.10.10"]
[SourceVersion "1"]
[SourceVersionDate "2023.10.10"]
[SourceQuality "1"]

1. e4 c5 2. Nc3 d6 3. f4 g6 4. Nf3 Bg7 5. Bc4 Nc6 6. 0-0 e6 7. d4 cxd4 8. Nb5 a6 9. Nbxd4 Nxd4 10. Nxd4 Nf6 11. f5 gxf5 12. exf5 e5 13. Nf3 Qc7 14. Bd3 Bd7 15. c4 Bc6 16. Re1 0-0-0 17. Ng5 Rhg8 18. Ne4 d5 19. cxd5 Rxd5 20. Qe2 Rxd3 21. Qxd3 Nxe4 22. Rxe4 Rd8 23. Qh3 Bxe4 24. f6+ Kb8 25. fxg7 Rd1+ 26. Kf2 Qc2+ 27. Kg3 Rd3+ 28. Kg4 Bf5+ 29. Kg5 f6+ 30. Kxf6 Rd6+ 31. Kxe5 Re6+ 32. Kf4 Qe4+ 33. Kg3 Rg6+ 34. Kf2 Bxh3 0-1

[Event "Dubai op 22nd"]
[Site "Dubai"]
[Date "2022.08.28"]
[Round "2"]
[White "Aditya, Mittal"]
[Black "Sadbhav, Rautela"]
[Result "1-0"]
[WhiteElo "2496"]
[BlackElo "1775"]
[PlyCount "83"]
[EventDate "2022.08.27"]
[EventType "swiss"]
[EventRounds "9"]
[EventCountry "UAE"]
[SourceTitle "CBM 210 Extra"]
[Source "ChessBase"]
[SourceDate "2022.11.30"]
[SourceVersion "1"]
[SourceVersionDate "2022.11.30"]
[SourceQuality "1"]

1. Nf3 Nf6 2. g3 g6 3. Bg2 Bg7 4. c4 0-0 5. 0-0 d5 6. d4 c5 7. dxc5 dxc4 8. Qa4 Na6 9. c6 Qc7 10. Nfd2 Rb8 11. Na3 bxc6 12. Ndxc4 Nd5 13. Bd2 Nc5 14. Qc2 Ne6 15. Ba5 Qb7 16. e3 Bd7 17. Rad1 Nec7 18. e4 Nf6 19. Ne5 Nb5 20. Nxb5 cxb5 21. Nxd7 Nxd7 22. Bc7 Ne5 23. Bxb8 Rxb8 24. Qe2 Qa6 25. b3 Nc6 26. Rd7 Nd4 27. Qd2 e5 28. Rc1 Rc8 29. Rxc8+ Qxc8 30. Rd5 h5 31. h4 Qc6 32. Kh2 Qb6 33. Qc3 Qa6 34. Rd8+ Kh7 35. Rd7 Qf6 36. Qc7 Kg8 37. Qd8+ Qxd8 38. Rxd8+ Bf8 39. Ra8 Nc6 40. Bf1 b4 41. Bb5 Nd4 42. Bc4 1-0

[Event "IND-ch U16"]
[Site "New Delhi"]
[Date "2022.03.05"]
[Round "2"]
[White "Harshad, S."]
[Black "Sadbhav, Rautela"]
[Result "1-0"]
[WhiteElo "2328"]
[BlackElo "1552"]
[PlyCount "71"]
[EventDate "2022.03.04"]
[EventType "swiss"]
[EventRounds "9"]
[EventCountry "IND"]
[SourceTitle "CBM 207 Extra"]
[Source "ChessBase"]
[SourceDate "2022.05.31"]
[SourceVersion "1"]
[SourceVersionDate "2022.05.31"]
[SourceQuality "1"]

1. e4 c5 2. Nf3 d6 3. b3 Nf6 4. Nc3 Nc6 5. Bb5 Bd7 6. 0-0 e6 7. Bb2 Be7 8. d4 cxd4 9. Nxd4 0-0 10. Nxc6 Bxc6 11. Qe2 Qc7 12. Bd3 a6 13. a4 Rfd8 14. f4 d5 15. e5 Nd7 16. Nd1 Nc5 17. f5 Nxd3 18. Qxd3 exf5 19. Qxf5 Bc5+ 20. Kh1 Re8 21. Nf2 d4 22. Nd3 Bb6 23. Rae1 Re7 24. Ba3 Ree8 25. Nf4 Bd7 26. e6 fxe6 27. Nxe6 Bxe6 28. Rxe6 h6 29. Bd6 Qd7 30. Rxe8+ Qxe8 31. Qd5+ Kh7 32. Qxb7 Ba7 33. Be5 Qxe5 34. Qxa8 Bb8 35. g3 Qe2 36. Qg2 1-0

[Event "Gujarat op 2nd"]
[Site "Ahmedabad"]
[Date "2019.09.22"]
[Round "1"]
[White "Sahoo, Utkal Ranjan"]
[Black "Sadbhav, Rautela"]
[Result "1-0"]
[WhiteElo "2329"]
[BlackElo "1720"]
[PlyCount "47"]
[EventDate "2019.09.22"]
[EventType "swiss"]
[EventRounds "10"]
[EventCountry "IND"]
[SourceTitle "EXT 2020"]
[Source "ChessBase"]
[SourceDate "2019.10.17"]
[SourceVersion "1"]
[SourceVersionDate "2019.10.17"]
[SourceQuality "1"]

1. d4 d5 2. c4 c6 3. Nc3 Nf6 4. cxd5 cxd5 5. Bf4 Nc6 6. e3 Bf5 7. Qb3 Qd7 8. Nf3 e6 9. Ne5 Qc8 10. Bb5 Bd6 11. Nxc6 bxc6 12. Bxd6 cxb5 13. Nxb5 Kd7 14. 0-0 Qb7 15. Rfc1 Rhc8 16. Ba3 a6 17. Qb4 Ng8 18. Qd6+ Ke8 19. Qf8+ Kd7 20. Qxf7+ Kd8 21. Qxg8+ Kd7 22. Qf7+ Kd8 23. Qf8+ Kd7 24. Qe7# 1-0

[Event "Voronezh op-B 23rd"]
[Site "Voronezh"]
[Date "2019.06.18"]
[Round "7"]
[White "Ivanova, Anastasiya1111"]
[Black "Sadbhav, Rautela"]
[Result "0-1"]
[WhiteElo "1367"]
[BlackElo "1608"]
[PlyCount "88"]
[EventDate "2019.06.12"]
[EventType "swiss"]
[EventRounds "9"]
[EventCountry "RUS"]
[SourceTitle "EXT 2020"]
[Source "ChessBase"]
[SourceDate "2019.10.17"]
[SourceVersion "1"]
[SourceVersionDate "2019.10.17"]
[SourceQuality "1"]

1. d4 d5 2. Nf3 Nf6 3. g3 Bf5 4. Bg2 e6 5. 0-0 c5 6. e3 Nc6 7. a3 a5 8. Nbd2 Bd6 9. b3 Rc8 10. Bb2 cxd4 11. exd4 0-0 12. Rc1 Qe7 13. Ra1 b5 14. c4 bxc4 15. bxc4 Bd3 16. c5 Bxf1 17. cxd6 Qb7 18. Bxf1 Qxb2 19. Nb3 Ne4 20. Nfd2 Nxd2 21. Nxd2 Qxd4 22. d7 Rcd8 23. Qe1 Ne5 24. Nb3 Qb6 25. Qc3 a4 26. Nc5 Qc6 27. Nxa4 Qxc3 28. Nxc3 Rxd7 29. a4 Ra8 30. a5 Rda7 31. f4 Nf3+ 32. Kg2 Nd2 33. Bd3 Rxa5 34. Rxa5 Rxa5 35. Nb5 Nc4 36. Nd4 Ra2+ 37. Ne2 f6 38. Kf2 e5 39. Bxc4 dxc4 40. fxe5 fxe5 41. Ke3 Rxe2+ 42. Kxe2 e4 43. Ke3 c3 44. Ke2 Kf7 0-1

[Event "Voronezh op-B 23rd"]
[Site "Voronezh"]
[Date "2019.06.17"]
[Round "6"]
[White "Sadbhav, Rautela"]
[Black "Gusev, Dmitri1111"]
[Result "0-1"]
[WhiteElo "1608"]
[BlackElo "1806"]
[PlyCount "112"]
[EventDate "2019.06.12"]
[EventType "swiss"]
[EventRounds "9"]
[EventCountry "RUS"]
[SourceTitle "EXT 2020"]
[Source "ChessBase"]
[SourceDate "2019.10.17"]
[SourceVersion "1"]
[SourceVersionDate "2019.10.17"]
[SourceQuality "1"]

1. e4 e6 2. d4 d5 3. Nd2 Nf6 4. e5 Nfd7 5. f4 c5 6. c3 b6 7. Ngf3 Ba6 8. Bxa6 Nxa6 9. 0-0 Nc7 10. Nb3 f5 11. exf6 Nxf6 12. Re1 Bd6 13. Ng5 Qd7 14. f5 c4 15. Nxe6 Nxe6 16. Rxe6+ Kd8 17. Nd2 Kc7 18. b3 Rae8 19. Qe2 Rxe6 20. Qxe6 Qxe6 21. fxe6 Re8 22. bxc4 Rxe6 23. cxd5 Nxd5 24. Nc4 Nxc3 25. Nxd6 Kxd6 26. Bf4+ Kd5 27. Be5 g6 28. Kf2 Nb5 29. Kf3 a5 30. Rd1 Nc3 31. Rd2 b5 32. Ke3 Rc6 33. h4 b4 34. Kd3 Ne4 35. Rc2 Rxc2 36. Kxc2 Kc4 37. Kb2 a4 38. Bg7 Nc3 39. g3 Ne2 40. g4 Nxd4 41. h5 Ne6 42. hxg6 hxg6 43. Bf6 Nc5 44. g5 Ne6 45. Kc2 Nf4 46. Be5 Nd3 47. Bf6 a3 48. Bg7 Nc5 49. Bf6 Na4 50. Kb1 Nc3+ 51. Ka1 b3 52. axb3+ Kxb3 53. Be7 a2 54. Bf6 Nd5 55. Bb2 Ne3 56. Ba3 Nc2# 0-1

[Event "Djenovici TS10 FM"]
[Site "Djenovici"]
[Date "2018.10.28"]
[Round "10"]
[White "Ayzenberg, Alena"]
[Black "Sadbhav, Rautela"]
[Result "0-1"]
[WhiteElo "1911"]
[BlackElo "1612"]
[PlyCount "142"]
[EventDate "2018.10.20"]
[EventType "tourn"]
[EventRounds "10"]
[EventCountry "MNE"]
[SourceTitle "CBM 187 Extra"]
[Source "ChessBase"]
[SourceDate "2018.11.04"]
[SourceVersion "1"]
[SourceVersionDate "2018.11.04"]
[SourceQuality "1"]

1. d4 d5 2. c4 c6 3. Nf3 Nf6 4. Qb3 dxc4 5. Qxc4 Be6 6. Qd3 g6 7. e4 Bg7 8. Ng5 Qd7 9. Nxe6 Qxe6 10. Nc3 0-0 11. Be2 Rd8 12. 0-0 Na6 13. e5 Nd5 14. Qg3 Qd7 15. Bg4 Nxc3 16. bxc3 e6 17. Bg5 Re8 18. Rad1 Qd5 19. Rd2 h6 20. Bf4 Nc7 21. Be2 Qd7 22. c4 Qe7 23. Qh3 Kh7 24. Bd3 Red8 25. Be4 Rd7 26. Rfd1 Rad8 27. Rd3 b5 28. cxb5 c5 29. g4 Rxd4 30. Rxd4 Rxd4 31. Rxd4 cxd4 32. g5 Nxb5 33. gxh6 Bf8 34. Bd3 Nc3 35. Qh5 Nxa2 36. Bg5 Qc5 37. Qf3 Qc7 38. Qf4 Nb4 39. Be4 Nd5 40. Bxd5 exd5 41. Qxd4 Qc5 42. Qf4 Qc7 43. h4 Qd7 44. Qf6 Qg4+ 45. Kh2 Qe6 46. Qf4 Qf5 47. Qe3 Qe4 48. Qxa7 Qxe5+ 49. Kg1 Qe6 50. Qd4 Qe1+ 51. Kh2 Qe4 52. Qf6 Qe6 53. Qd4 Bd6+ 54. f4 Bf8 55. Qd3 Bxh6 56. Qd4 Bxg5 57. hxg5 Qe4 58. Qf6 Qf5 59. Qd4 Qe4 60. Qf6 Qe2+ 61. Kg3 Qe3+ 62. Kg2 Qe2+ 63. Kg3 Qe8 64. Kf2 Qf8 65. Qc6 d4 66. Qd7 Qg7 67. Ke2 f6 68. Qxd4 Qe7+ 69. Qe3 Qf7 70. Qc5 fxg5 71. fxg5 Qe6+ 0-1

[Event "Djenovici TS10 FM"]
[Site "Djenovici"]
[Date "2018.10.25"]
[Round "7"]
[White "Sadbhav, Rautela"]
[Black "Lazarevic, Zoran1111"]
[Result "1/2-1/2"]
[WhiteElo "1612"]
[BlackElo "1902"]
[PlyCount "180"]
[EventDate "2018.10.20"]
[EventType "tourn"]
[EventRounds "10"]
[EventCountry "MNE"]
[SourceTitle "CBM 187 Extra"]
[Source "ChessBase"]
[SourceDate "2018.11.04"]
[SourceVersion "1"]
[SourceVersionDate "2018.11.04"]
[SourceQuality "1"]

1. e4 c5 2. Nf3 d6 3. d4 cxd4 4. Nxd4 Nf6 5. Nc3 a6 6. f3 e5 7. Nb3 Be6 8. Be3 Be7 9. Qd2 Nbd7 10. g4 Qc7 11. 0-0-0 b5 12. Kb1 Nb6 13. Bxb6 Qxb6 14. h4 0-0 15. h5 Rfd8 16. g5 Ne8 17. Nd5 Bxd5 18. exd5 a5 19. Bd3 a4 20. Nc1 b4 21. g6 h6 22. gxf7+ Kxf7 23. f4 Bf6 24. fxe5 Bxe5 25. Rhf1+ Bf6 26. Qf2 Qxf2 27. Rxf2 Nc7 28. Rf4 Kf8 29. Bg6 a3 30. b3 Ra5 31. Rf5 Nb5 32. Ne2 Rd7 33. Rd3 Re7 34. Rf2 Re5 35. c3 bxc3 36. Nxc3 Re1+ 37. Kc2 Nxc3 38. Rxc3 Ke7 39. Rc8 Ra1 40. Re2+ Be5 41. Kd3 Rxd5+ 42. Kc4 Rad1 43. Kb4 R1d4+ 44. Rc4 Rd2 45. Rxd2 Rxd2 46. Kxa3 d5 47. Rh4 Bb2+ 48. Kb4 Bf6 49. Rh3 Rxa2 50. Kb5 Kd6 51. Rd3 d4 52. Kc4 Rc2+ 53. Kb4 Rc7 54. Ka3 Kd5 55. Kb2 Bg5 56. Rd1 Ke5 57. Re1+ Be3 58. Rf1 Ke6 59. Bc2 Rc5 60. Bg6 Rc7 61. Bf5+ Ke5 62. Bg6 Bf4 63. Re1+ Kf6 64. Rf1 Kg5 65. Rg1+ Kh4 66. Rd1 Kg3 67. Rd3+ Kf2 68. b4 Ke2 69. Rb3 Bc1+ 70. Kb1 Bd2 71. Bd3+ Kd1 72. Ka2 Bc1 73. b5 Bd2 74. b6 Rb7 75. Be4 Rb8 76. b7 Be3 77. Ra3 Ke2 78. Ra8 Bf4 79. Ra3 Be5 80. Bf3+ Kf2 81. Be4 Bf6 82. Kb1 Be5 83. Kc2 Re8 84. Ra8 Rb8 85. Kd3 Kg3 86. Rxb8 Bxb8 87. Kxd4 Kf4 88. Bg6 Kg5 89. Kd5 Kf6 90. Kc6 Ke7 1/2-1/2

[Event "Budapest FS10 Development"]
[Site "Budapest"]
[Date "2018.10.14"]
[Round "8"]
[White "Szabo, A Martin"]
[Black "Sadbhav, Rautela"]
[Result "0-1"]
[WhiteElo "1815"]
[BlackElo "1612"]
[PlyCount "102"]
[EventDate "2018.10.06"]
[EventType "tourn"]
[EventRounds "10"]
[EventCountry "HUN"]
[SourceTitle "CBM 186 Extra"]
[Source "ChessBase"]
[SourceDate "2018.08.24"]
[SourceVersion "1"]
[SourceVersionDate "2018.08.24"]
[SourceQuality "1"]

1. c4 e5 2. g3 Nf6 3. Bg2 Nc6 4. Nc3 Bb4 5. d3 0-0 6. Bd2 d6 7. e3 Bg4 8. Nge2 Qd7 9. h4 Bxc3 10. Bxc3 d5 11. cxd5 Nxd5 12. Qd2 Rad8 13. f3 Be6 14. Rd1 Qe7 15. a3 Rd7 16. 0-0 Rfd8 17. Qc1 Nxc3 18. Qxc3 Bf5 19. d4 exd4 20. Nxd4 Nxd4 21. Rxd4 Rxd4 22. exd4 Qd6 23. g4 Be6 24. Rc1 c6 25. Rd1 h6 26. b4 Qg3 27. h5 Bxg4 28. Rf1 Bxh5 29. Qc5 Qh4 30. Rd1 Qg5 31. Kf2 Qxc5 32. bxc5 Bg6 33. Bf1 Kf8 34. Ke3 Ke7 35. Bc4 Bf5 36. Rd2 Be6 37. Bd3 f5 38. f4 Kf6 39. Rh2 Re8 40. Kd2 Rh8 41. Ke3 Rh7 42. a4 Bg8 43. a5 g5 44. fxg5+ hxg5 45. Rxh7 Bxh7 46. Bc4 Bg6 47. a6 bxa6 48. Bxa6 Bf7 49. Bb7 Bd5 50. Bc8 f4+ 51. Kf2 a5 0-1

[Event "Budapest FS10 Development"]
[Site "Budapest"]
[Date "2018.10.08"]
[Round "3"]
[White "Sadbhav, Rautela"]
[Black "Szabo, A Martin"]
[Result "0-1"]
[WhiteElo "1612"]
[BlackElo "1815"]
[PlyCount "104"]
[EventDate "2018.10.06"]
[EventType "tourn"]
[EventRounds "10"]
[EventCountry "HUN"]
[SourceTitle "CBM 186 Extra"]
[Source "ChessBase"]
[SourceDate "2018.08.24"]
[SourceVersion "1"]
[SourceVersionDate "2018.08.24"]
[SourceQuality "1"]

1. e4 g6 2. d4 Bg7 3. Nf3 d6 4. Nc3 Nf6 5. Bc4 0-0 6. Bb3 Na6 7. 0-0 c5 8. Re1 Bg4 9. Be3 Rc8 10. a3 Nd7 11. dxc5 Naxc5 12. Bxc5 Nxc5 13. Ba2 e6 14. h3 Bxf3 15. Qxf3 Nd7 16. Rad1 Bxc3 17. bxc3 Ne5 18. Qe3 Qa5 19. f4 Rxc3 20. Qd4 Nc6 21. Qxd6 Rd8 22. Qxd8+ Nxd8 23. Bb3 Nc6 24. a4 Nd4 25. Rxd4 Rxb3 26. Red1 Rb2 27. R1d2 Qb6 28. Kh2 Rxc2 29. Rd8+ Kg7 30. R2d3 Qf2 31. Rg3 Rc1 32. Rgd3 Qxf4+ 33. Rg3 Rh1+ 34. Kxh1 Qxg3 35. Rd7 Qe1+ 36. Kh2 Qxe4 37. a5 h5 38. a6 bxa6 39. Rxa7 h4 40. Rxa6 Qf4+ 41. Kg1 e5 42. Ra2 e4 43. Rf2 Qg3 44. Re2 Qd3 45. Rf2 e3 46. Ra2 Qb1+ 47. Kh2 Qxa2 48. Kh1 e2 49. Kh2 Qe6 50. Kg1 e1Q+ 51. Kh2 Qg3+ 52. Kg1 Qee1# 0-1